| 000 | 00749nam a2200241 i 4500 | ||
|---|---|---|---|
| 001 | bg | ||
| 100 | 1 | _aWÓJCIK, Wiesław. | |
| 245 | 1 | 0 |
_aPodstawy konstruowania : _bprzewodnik do ćwiczeń projektowych / _cWiesław Wójcik, Klaudiusz Lenik ; Politechnika Lubelska. |
| 260 |
_aLublin : _bWydaw. PL, _c2000. |
||
| 300 |
_a57 s. ; _c24 cm. |
||
| 504 | _aBibliogr. | ||
| 650 | 9 |
_aMaszyny _xbudowa i konstrukcje _xprojekty |
|
| 655 | _aĆwiczenia i zadania dla szkół wyższych | ||
| 700 | 1 | _aLENIK, Klaudiusz | |
| 710 | 0 | _aPolitechnika Lubelska | |
| 020 | _a8388110667 | ||
| 040 | _cBPK | ||
| 041 | 0 | _apl | |
| 080 | _a621.01:514.18:744](075.8)(076) | ||
| 920 | _a83-88110-66-7 | ||
| 942 | _cKS | ||
| 008 | s pl f |000 0 pol | ||
| 999 |
_c39989 _d39989 |
||
| 856 |
_uhttp://koha.tu.koszalin.pl/cgi-bin/koha/opac-detail.pl?biblionumber=39989 _yKatalog online BPK |
||